Alphabetical Country Scrambles - Statistics

General Stats
  • This quiz has been taken 281 times
  • The average score is 17 of 20
Answer Stats
Scramble Country % Correct
epru Peru
100%
goot Togo
100%
ailty Italy
99%
aaacdn Canada
98%
ehiiilpppns Philippines
98%
aelnp Nepal
96%
cehil Chile
95%
aaacijm Jamaica
95%
agnot Tonga
95%
ccmooor Morocco
94%
airssu Russia
94%
deensw Sweden
94%
aadnrw Rwanda
88%
aabhinr Bahrain
85%
ceeehllssy Seychelles
77%
adhnorsu Honduras
75%
aadergn Grenada
72%
aaciort Croatia
71%
acdeiln Iceland
61%
ceeehiilnnstt Liechtenstein
61%
No matching quizzes found
Score Distribution
Percent of People with Each Score
Percentile by Number Answered
Your Score History
You have not taken this quiz